[Event "Mumbai Wealth op 3rd"]
[Site "Mumbai"]
[Date "2018.01.07"]
[Round "9"]
[White "Dileep, Kumar R"]
[Black "Kanyamarala, Trisha"]
[Result "1-0"]
[WhiteElo "2053"]
[BlackElo "1826"]
[PlyCount "79"]
[EventDate "2017.12.30"]
[EventType "swiss"]
[EventRounds "9"]
[EventCountry "IND"]
[SourceTitle "CBM 182 Extra"]
[Source "ChessBase"]
[SourceDate "2018.02.23"]
[SourceVersion "1"]
[SourceVersionDate "2018.02.23"]
[SourceQuality "1"]

1. e4 c6 2. d4 d5 3. exd5 cxd5 4. c4 Nf6 5. Nc3 Nc6 6. Nf3 Bg4 7. cxd5 Nxd5 8. Qb3 Bxf3 9. gxf3 e6 10. Qxb7 Nxd4 11. Bb5+ Nxb5 12. Qc6+ Ke7 13. Qxb5 Qd7 14. Nxd5+ Qxd5 15. Qxd5 exd5 16. 0-0 Ke6 17. Re1+ Kf5 18. Be3 Bb4 19. Red1 Rhd8 20. Rac1 Ke6 21. Bd4 f6 22. Rc6+ Rd6 23. Rdc1 Ba5 24. a3 Kd7 25. R6c2 a6 26. b4 Bd8 27. Bc5 Re6 28. f4 Re4 29. Rd1 Rxf4 30. Rxd5+ Ke6 31. Rd6+ Kf5 32. Rd7 Rg4+ 33. Kf1 Rc8 34. f3 Rg6 35. Rd5+ Ke6 36. Rd6+ Kf5 37. Rcd2 Be7 38. R2d5+ Kf4 39. Kf2 f5 40. Be3# 1-0

[Event "Mumbai Wealth op 3rd"]
[Site "Mumbai"]
[Date "2018.01.05"]
[Round "7"]
[White "Dileep, Kumar R"]
[Black "Raja, Rithvik R"]
[Result "1/2-1/2"]
[WhiteElo "2053"]
[BlackElo "2326"]
[PlyCount "81"]
[EventDate "2017.12.30"]
[EventType "swiss"]
[EventRounds "9"]
[EventCountry "IND"]
[SourceTitle "CBM 182 Extra"]
[Source "ChessBase"]
[SourceDate "2018.02.23"]
[SourceVersion "1"]
[SourceVersionDate "2018.02.23"]
[SourceQuality "1"]

1. e4 c5 2. Nf3 d6 3. d4 cxd4 4. Nxd4 Nf6 5. Nc3 a6 6. Bg5 e6 7. f4 h6 8. Bh4 Qb6 9. Qd2 Qxb2 10. Rb1 Qa3 11. f5 Be7 12. fxe6 fxe6 13. Bc4 Nxe4 14. Nxe4 Bxh4+ 15. g3 Bg5 16. Nxg5 hxg5 17. Nxe6 Bxe6 18. Bxe6 Qxg3+ 19. hxg3 Rxh1+ 20. Ke2 Rh2+ 21. Kd3 Rxd2+ 22. Kxd2 Ra7 23. Bd5 Nd7 24. Bxb7 Ke7 25. Kc3 Nc5 26. Bd5 Nd7 27. Kd4 Ne5 28. c4 Kd7 29. c5 Rc7 30. cxd6 Kxd6 31. Rb6+ Nc6+ 32. Bxc6 Rxc6 33. Rb7 Rc7 34. Rb6+ Rc6 35. Rb7 Rc7 36. Rb6+ Rc6 37. Rb7 Rc7 38. Rb6+ Rc6 39. Rb7 Rc7 40. Rb6+ Rc6 41. Rb7 1/2-1/2

[Event "Mumbai Wealth op 3rd"]
[Site "Mumbai"]
[Date "2018.01.01"]
[Round "3"]
[White "Dileep, Kumar R"]
[Black "Kant, Swapnil"]
[Result "1-0"]
[WhiteElo "2053"]
[BlackElo "1481"]
[PlyCount "99"]
[EventDate "2017.12.30"]
[EventType "swiss"]
[EventRounds "9"]
[EventCountry "IND"]
[SourceTitle "CBM 182 Extra"]
[Source "ChessBase"]
[SourceDate "2018.02.23"]
[SourceVersion "1"]
[SourceVersionDate "2018.02.23"]
[SourceQuality "1"]

1. e4 e5 2. Nf3 Nc6 3. Bb5 a6 4. Ba4 Nf6 5. 0-0 Be7 6. Qe2 b5 7. Bb3 d6 8. c3 0-0 9. d3 Na5 10. Bc2 c5 11. Nbd2 Qc7 12. Rd1 Re8 13. Nf1 h6 14. d4 cxd4 15. cxd4 Nc6 16. d5 Nb8 17. Ng3 Bf8 18. Bd3 Bg4 19. h3 Bxf3 20. Qxf3 Nbd7 21. Bd2 Rec8 22. Nf5 Kh7 23. b4 g6 24. Ne3 Bg7 25. a4 Qb7 26. Qe2 Rab8 27. axb5 axb5 28. Ra5 Qc7 29. Nf1 Nb6 30. Bxb5 Qc2 31. Bd3 Qc7 32. Ba6 Rd8 33. Rc1 Qd7 34. Rc6 Qe8 35. b5 Ng8 36. Be3 Na8 37. Ba7 Ne7 38. Bxb8 Nxc6 39. dxc6 Rxb8 40. Bb7 Nb6 41. Ra6 Qd8 42. Qe3 Nc8 43. b6 Qe8 44. Bxc8 Qxc8 45. b7 Qc7 46. Qb6 Qxb6 47. Rxb6 Kg8 48. c7 Re8 49. b8Q Rxb8 50. cxb8Q+ 1-0

[Event "IND-ch U17"]
[Site "Saravanampatty"]
[Date "2017.10.27"]
[Round "5"]
[White "Aryan, B Joshi"]
[Black "Dileep, Kumar R"]
[Result "1/2-1/2"]
[WhiteElo "1867"]
[BlackElo "2182"]
[PlyCount "129"]
[EventDate "2017.10.24"]
[EventType "swiss"]
[EventRounds "11"]
[EventCountry "IND"]
[SourceTitle "CBM 181 Extra"]
[Source "ChessBase"]
[SourceDate "2017.12.12"]
[SourceVersion "1"]
[SourceVersionDate "2017.12.12"]
[SourceQuality "1"]

1. d4 Nf6 2. Nf3 e6 3. Bf4 c5 4. e3 cxd4 5. exd4 Be7 6. h3 0-0 7. Bd3 Nc6 8. c3 d6 9. Nbd2 e5 10. Bh2 exd4 11. Nxd4 Nxd4 12. cxd4 Be6 13. 0-0 Rc8 14. Qe2 Re8 15. Ne4 Bf8 16. Rac1 Rxc1 17. Rxc1 Nd5 18. Qd2 Be7 19. Re1 h6 20. a3 Nc7 21. Qa5 Na6 22. Qxd8 Rxd8 23. Rc1 Bf5 24. d5 Bxe4 25. Bxe4 Nc5 26. Bf5 g6 27. Bg4 h5 28. Be2 Bf6 29. b4 Nb3 30. Rc7 Re8 31. Kf1 Nd2+ 32. Ke1 Ne4 33. Kf1 Nd2+ 34. Ke1 Nb1 35. Kf1 Nd2+ 36. Ke1 Ne4 37. Kf1 Re7 38. Rxe7 Bxe7 39. Bf4 Bg5 40. Bh2 Be7 41. Bf4 Kg7 42. Ke1 Bg5 43. Bh2 Be7 44. Bf4 Kf8 45. f3 Nf6 46. Bc4 Nd7 47. Ke2 Ne5 48. Bb3 Bf6 49. Ke3 Ke7 50. Ke4 Nd7 51. Bd2 Bb2 52. a4 a5 53. Kd3 axb4 54. Bxb4 b6 55. f4 Bc1 56. Ke4 Bb2 57. g4 hxg4 58. hxg4 Bc1 59. Bc4 g5 60. f5 Nf6+ 61. Kf3 Nd7 62. Ke4 f6 63. Be2 Bb2 64. Bb5 Ne5 65. Be2 1/2-1/2

[Event "Mumbai Mayors Cup 10th"]
[Site "Mumbai"]
[Date "2017.06.09"]
[Round "8"]
[White "Dileep, Kumar R"]
[Black "Mahindrakar, Indrajeet"]
[Result "0-1"]
[WhiteElo "1944"]
[BlackElo "1966"]
[PlyCount "68"]
[EventDate "2017.06.04"]
[EventType "swiss"]
[EventRounds "10"]
[EventCountry "IND"]
[SourceTitle "CBM 178 Extra"]
[Source "ChessBase"]
[SourceDate "2017.06.22"]
[SourceVersion "1"]
[SourceVersionDate "2017.06.22"]
[SourceQuality "1"]

1. e4 Nf6 2. e5 Nd5 3. d4 d6 4. c4 Nb6 5. f4 dxe5 6. fxe5 g6 7. Nc3 Bg7 8. Be3 0-0 9. Nf3 c5 10. dxc5 N6d7 11. e6 fxe6 12. Be2 Na6 13. c6 bxc6 14. 0-0 Qc7 15. Qe1 Nb4 16. Nb5 cxb5 17. Qxb4 Nb6 18. Qxb5 Bd7 19. Qb4 Rab8 20. Qxe7 Rf5 21. Bd3 Nc8 22. Qh4 Rh5 23. Qf4 e5 24. Qg3 Nd6 25. c5 Nf5 26. Qe1 Nxe3 27. Qxe3 Kh8 28. Rab1 Bc6 29. Be4 Bh6 30. Qe2 Bb5 31. Bd3 e4 32. Qxe4 Qxc5+ 33. Kh1 Re8 34. b4 Qd6 0-1

[Event "Mumbai Mayors Cup 10th"]
[Site "Mumbai"]
[Date "2017.06.06"]
[Round "4"]
[White "Rohnit, G Amin"]
[Black "Dileep, Kumar R"]
[Result "0-1"]
[WhiteElo "1610"]
[BlackElo "1944"]
[PlyCount "56"]
[EventDate "2017.06.04"]
[EventType "swiss"]
[EventRounds "10"]
[EventCountry "IND"]
[SourceTitle "CBM 178 Extra"]
[Source "ChessBase"]
[SourceDate "2017.06.22"]
[SourceVersion "1"]
[SourceVersionDate "2017.06.22"]
[SourceQuality "1"]

1. e4 c5 2. Nc3 Nc6 3. f4 g6 4. Nf3 Bg7 5. Bc4 e6 6. f5 Nge7 7. fxe6 fxe6 8. d3 d5 9. Bb3 b5 10. Bf4 0-0 11. exd5 exd5 12. Bg5 c4 13. Nxd5 Qxd5 14. dxc4 Qe6+ 15. Qe2 Qxe2+ 16. Kxe2 bxc4 17. Bxc4+ Kh8 18. c3 Bg4 19. h3 Bxf3+ 20. gxf3 Rae8 21. Rad1 Nf5+ 22. Kf2 h6 23. h4 Ne5 24. Bb3 Nxf3 25. Kxf3 Nxh4+ 26. Kg3 Rf3+ 27. Kxh4 Re4+ 28. Bf4 Rexf4# 0-1

[Event "IND-ch U19 46th"]
[Site "Rajahmundry"]
[Date "2016.10.13"]
[Round "8"]
[White "Krishna Teja, N."]
[Black "Dileep, Kumar R"]
[Result "1-0"]
[WhiteElo "2268"]
[BlackElo "1945"]
[PlyCount "115"]
[EventDate "2016.10.08"]
[EventType "swiss"]
[EventRounds "11"]
[EventCountry "IND"]
[SourceTitle "CBM 175 Extra"]
[Source "ChessBase"]
[SourceDate "2016.12.12"]
[SourceVersion "1"]
[SourceVersionDate "2016.12.12"]
[SourceQuality "1"]

1. d4 Nf6 2. c4 e6 3. Nf3 b6 4. g3 Bb7 5. Bg2 Be7 6. 0-0 0-0 7. Qc2 c5 8. Rd1 d6 9. Nc3 cxd4 10. Rxd4 Nc6 11. Rd1 a6 12. b3 Rc8 13. Bb2 Qc7 14. e4 Rfd8 15. Qe2 Nd7 16. Rac1 Nc5 17. Bh3 Ra8 18. Nd5 exd5 19. cxd5 a5 20. dxc6 Bxc6 21. Nd4 Bf8 22. Qe3 Bd7 23. Bxd7 Qxd7 24. f3 f6 25. Nf5 Qe6 26. Rd5 g6 27. Nd4 Qf7 28. Nb5 Rac8 29. Rcd1 Rc6 30. Qc3 Be7 31. Ba3 Qe8 32. Bxc5 Rxc5 33. Rxc5 dxc5 34. Qc4+ Qf7 35. Rxd8+ Bxd8 36. Nd6 Qxc4 37. bxc4 Kf8 38. Kf2 Ke7 39. Nb5 Ke6 40. Ke3 f5 41. f4 h5 42. Nc3 Bf6 43. Nd5 Bd8 44. Kd3 Kd6 45. Ke3 Ke6 46. Kf3 Kd6 47. h3 Ke6 48. g4 hxg4+ 49. hxg4 fxg4+ 50. Kxg4 Kd6 51. a3 b5 52. cxb5 c4 53. Kf3 Kc5 54. a4 Bh4 55. Ke3 Bg3 56. b6 Kc6 57. Kd4 Bf2+ 58. Kxc4 1-0

[Event "IND-ch U19 46th"]
[Site "Rajahmundry"]
[Date "2016.10.09"]
[Round "3"]
[White "Dileep, Kumar R"]
[Black "Aradhya, Garg"]
[Result "0-1"]
[WhiteElo "1945"]
[BlackElo "2250"]
[PlyCount "86"]
[EventDate "2016.10.08"]
[EventType "swiss"]
[EventRounds "11"]
[EventCountry "IND"]
[SourceTitle "CBM 175 Extra"]
[Source "ChessBase"]
[SourceDate "2016.12.12"]
[SourceVersion "1"]
[SourceVersionDate "2016.12.12"]
[SourceQuality "1"]

1. e4 e5 2. Nf3 Nc6 3. Bb5 a6 4. Ba4 d6 5. c3 Bd7 6. 0-0 g6 7. d4 Bg7 8. Re1 Nf6 9. dxe5 Nxe5 10. Nxe5 dxe5 11. Bxd7+ Qxd7 12. Qxd7+ Nxd7 13. Be3 Bf8 14. Nd2 Bc5 15. Nc4 Bxe3 16. Nxe3 0-0-0 17. Red1 Nc5 18. f3 Na4 19. Rab1 Rxd1+ 20. Nxd1 Rd8 21. Ne3 h5 22. Kf1 Rd2 23. Nc4 Rc2 24. Nxe5 Nxb2 25. Nxf7 Nc4 26. Re1 Rxa2 27. e5 Kd7 28. e6+ Ke8 29. Nh8 g5 30. Nf7 Ra5 31. Ke2 Nd6 32. Rd1 Ke7 33. Nxd6 cxd6 34. Rd2 Re5+ 35. Kf2 Kxe6 36. g3 Rc5 37. Rd3 a5 38. f4 gxf4 39. gxf4 a4 40. Ke3 a3 41. c4 Ra5 42. Rd1 a2 43. Ra1 Kf5 0-1

[Event "IND-ch U13 29th"]
[Site "Gurgaon"]
[Date "2015.09.02"]
[Round "5"]
[White "Yash, Dhoke"]
[Black "Dileep, Kumar R"]
[Result "0-1"]
[WhiteElo "1447"]
[BlackElo "1936"]
[PlyCount "144"]
[EventDate "2015.08.30"]
[EventType "swiss"]
[EventRounds "11"]
[EventCountry "IND"]
[SourceTitle "EXT 2016"]
[Source "ChessBase"]
[SourceDate "2015.10.08"]
[SourceVersion "1"]
[SourceVersionDate "2015.10.08"]
[SourceQuality "1"]

1. d4 Nf6 2. c4 g6 3. Nc3 Bg7 4. e4 d6 5. Nf3 0-0 6. Be2 e5 7. dxe5 dxe5 8. Qxd8 Rxd8 9. Bg5 Re8 10. 0-0-0 h6 11. Bh4 Na6 12. Nd2 c6 13. f3 Nh5 14. Bf2 Nf4 15. Bf1 Rd8 16. Ndb1 Rxd1+ 17. Kxd1 Nb4 18. Be3 Be6 19. Nd2 Rd8 20. a3 Nbd3 21. Bxd3 Rxd3 22. Bxf4 exf4 23. Kc2 Rd8 24. Re1 Be5 25. b3 b5 26. a4 b4 27. Nd1 Bd4 28. Re2 g5 29. Nf2 f5 30. Nd3 c5 31. e5 Re8 32. Re1 Bc8 33. Re2 Kf7 34. Re1 Bb7 35. Re2 Be3 36. Nf1 Bd4 37. Nd2 Be3 38. Nf1 Bg1 39. h3 h5 40. Nd2 Bd4 41. Re1 Be3 42. Nf1 Bd4 43. Nd2 Rd8 44. Re2 Re8 45. Re1 Bc6 46. Re2 Bb7 47. Re1 h4 48. Re2 Ba8 49. Re1 Bc6 50. Re2 Ba8 51. Re1 Re7 52. Re2 Re8 53. Re1 g4 54. Nxf4 Bxe5 55. Nd3 Bd4 56. fxg4 Bxg2 57. Rxe8 Kxe8 58. g5 Be3 59. Kd1 Bxh3 60. Ke2 Bxg5 61. Nf3 Be7 62. Kf2 Bg4 63. Nfe5 Bd1 64. Nc1 Bc2 65. Nf3 Kf7 66. Ke3 Be4 67. Ne2 Bxf3 68. Kxf3 Bd6 69. Ng1 Kf6 70. Nh3 Bg3 71. Ng1 Ke5 72. Ne2 f4 0-1